00958nam a2200313 u 450000100070000000500170000700800410002402000150006503500110008003500210009104000130011204100080012508000070013308200080014010000480014824500780019626000300027430000340030450000510033865000240038965000350041365000380044865000310048665000270051765000250054465000230056965000230059265000290061520281720260506081253.0980610s1996 spa  a9589457053 a202817 a(OCoLC)318173685 ccomduadb aspa aQK 4a58310aMartinez Santacruz, Jose Bernardo4auteaut10aGuia para el manejo y cultivo del Inchi : caryodendron orinocense karsten aBogotá :bSecab,c1996. a31 páginas :bilustraciones aDonacion: Relaciones Internacionales: Jun./98. aAlimentos vegetales aInchi: Caryodendron Orinocense 7aMorfología de las plantas2lemb aParásitos de las plantas aHábitat (Ecología) aEspecies promisorias aCultivo de plantas aCadena alimenticia aAprovechamiento forestal